Kader von Borussia Dortmund 2023/24 - Statistiken

Allgemein
  • Dieses Quiz wurde 676 mal gespielt
  • Das Durchschnittsergebnis liegt bei 17 aus 30
Antwortstatistiken
% Korrekt
1 Gregor Kobel
98%
15 Mats Hummels
91%
4 Nico Schlotterbeck
90%
11 Marco Reus
88%
25 Niklas Süle
85%
19 Julian Brandt
81%
23 Emre Can
80%
33 Alexander Meyer
79%
9 Sébastien Haller
76%
27 Karim Adeyemi
73%
21 Donyell Malen
69%
43 Jamie Bynoe-Gittens
69%
26 Julian Ryerson
67%
20 Marcel Sabitzer
62%
5 Ramy Bensebaini
62%
6 Salih Özcan
61%
8 Felix Nmecha
60%
18 Youssoufa Moukoko
59%
7 Gio Reyna
54%
35 Marcel Lotka
51%
17 Marius Wolf
51%
2 Mateu Morey
45%
24 Thomas Meunier
39%
16 Julien Duranville
38%
10 Thorgan Hazard
28%
44 Soumaïla Coulibaly
24%
47 Antonios Papadopoulos
18%
32 Abdoulaye Kamara
16%
30 Ole Pohlmann
14%
31 Silas Ostrzinski
6%
Keine übereinstimmenden Quizze gefunden
Verteilung der Resultate
Anzahl Personen mit jedem Resultat
Perzentil nach korrekt beantworteten Fragen
Ihre Resultats-Entwicklung
Sie haben dieses Quiz noch nicht gespielt